<?xml version="1.0" encoding="UTF-8"?><?xml-stylesheet type="text/xsl" href="static/style.xsl"?><OAI-PMH xmlns="http://www.openarchives.org/OAI/2.0/" xmlns:xsi="http://www.w3.org/2001/XMLSchema-instance" xsi:schemaLocation="http://www.openarchives.org/OAI/2.0/ http://www.openarchives.org/OAI/2.0/OAI-PMH.xsd"><responseDate>2026-04-29T19:06:30Z</responseDate><request verb="GetRecord" identifier="oai:repisalud.isciii.es:20.500.12105/12193" metadataPrefix="marc">https://repisalud.isciii.es/rest/oai/request</request><GetRecord><record><header><identifier>oai:repisalud.isciii.es:20.500.12105/12193</identifier><datestamp>2025-05-27T11:26:49Z</datestamp><setSpec>com_20.500.12105_2052</setSpec><setSpec>com_20.500.12105_2051</setSpec><setSpec>col_20.500.12105_19611</setSpec></header><metadata><record xmlns="http://www.loc.gov/MARC21/slim" xmlns:dcterms="http://purl.org/dc/terms/" xmlns:doc="http://www.lyncode.com/xoai" xmlns:xsi="http://www.w3.org/2001/XMLSchema-instance" xsi:schemaLocation="http://www.loc.gov/MARC21/slim http://www.loc.gov/standards/marcxml/schema/MARC21slim.xsd">
   <leader>00925njm 22002777a 4500</leader>
   <datafield ind2=" " ind1=" " tag="042">
      <subfield code="a">dc</subfield>
   </datafield>
   <datafield ind2=" " ind1=" " tag="720">
      <subfield code="a">Sanz-Barbero, Belén</subfield>
      <subfield code="e">author</subfield>
   </datafield>
   <datafield ind2=" " ind1=" " tag="720">
      <subfield code="a">Blasco-Hernandez, Teresa</subfield>
      <subfield code="e">author</subfield>
   </datafield>
   <datafield ind2=" " ind1=" " tag="260">
      <subfield code="c">2007-03</subfield>
   </datafield>
   <datafield ind2=" " ind1=" " tag="520">
      <subfield code="a">[ES]  Objetivo: Describir las características sociodemográficas de la población inmigrante enferma de tuberculosis en la Comunidad de Madrid. Pacientes y método: Estudio descriptivo. Captación de casos: 15 hospitales de la Comunidad de Madrid y 3 consultas de atención primaria de la Cruz Roja. Se incluyeron a los inmigrantes económicos, mayores de 15 años, no internos en prisión y diagnosticados de tuberculosis durante el año 2003. Resultados: Se identificaron 312 personas, 296 formaron parte del estudio. Las principales nacionalidades fueron Ecuador (27,4%) y Marruecos (19,3%). Un 18,9% de la población no tenía cobertura sanitaria. El tiempo medio transcurrido desde la entrada en España y la enfermedad fue de 29,5 meses. El 66,9% vivía con algún familiar. El 63,2% de la población que estaba laboralmente activa realizaba trabajos informales. El principal factor de riesgo fue ser bebedor de riesgo. Conclusiones: Es necesario conocer la situación sociosanitaria de la población inmigrante enferma de tuberculosis para poder adaptar los programas de control a una nueva situación epidemiológica y social. [EN] Objective: To describe the social and demographic characteristics of immigrant patients diagnosed of tuberculosis in the Community of Madrid. Participants and method: Descriptive study. The information was gathered from the patients diagnosed in 15 hospitals of the Community of Madrid, and 3 primary health Red Cross facilities. Criteria for inclusion: to be tuberculosis diagnosed during the year 2003, to be economic immigrant, to be older than 15 year-old, and not to be in prison. Results: 312 persons were identified. 296 were included in the study. Main nationalities: Ecuador (27.4%) and Morocco (19.3%). The 18.9% of the population does not have health insurance. The time between the arrival to Spain and the illness was 29.5 months. The 66.9% of the cases lived with some relatives. The 63.2% of the active population worked in the informal economy. The main risk factors was to be risk drinker. Conclusions: To know the social and sanitary situation of immigrant patients diagnosed of tuberculosis is base to adapt the control programs to a new epidemiologist and social situation.</subfield>
   </datafield>
   <datafield ind1="8" ind2=" " tag="024">
      <subfield code="a">Gac Sanit. Mar-Apr 2007;21(2):142-6.</subfield>
   </datafield>
   <datafield ind1="8" ind2=" " tag="024">
      <subfield code="a">10.1157/13101041</subfield>
   </datafield>
   <datafield ind1="8" ind2=" " tag="024">
      <subfield code="a">0213-9111</subfield>
   </datafield>
   <datafield ind1="8" ind2=" " tag="024">
      <subfield code="a">Gaceta sanitaria</subfield>
   </datafield>
   <datafield ind1="8" ind2=" " tag="024">
      <subfield code="a">17419931</subfield>
   </datafield>
   <datafield ind1="8" ind2=" " tag="024">
      <subfield code="a">http://hdl.handle.net/20.500.12105/12193</subfield>
   </datafield>
   <datafield tag="653" ind2=" " ind1=" ">
      <subfield code="a">Población inmigrante</subfield>
   </datafield>
   <datafield tag="653" ind2=" " ind1=" ">
      <subfield code="a">Comunidad de Madrid</subfield>
   </datafield>
   <datafield tag="653" ind2=" " ind1=" ">
      <subfield code="a">Immigrant</subfield>
   </datafield>
   <datafield tag="653" ind2=" " ind1=" ">
      <subfield code="a">Tuberculosis</subfield>
   </datafield>
   <datafield tag="653" ind2=" " ind1=" ">
      <subfield code="a">Community of Madrid</subfield>
   </datafield>
   <datafield ind2="0" ind1="0" tag="245">
      <subfield code="a">Características sociodemográficas de la población inmigrante diagnosticada de tuberculosis en la Comunidad de Madrid</subfield>
   </datafield>
</record></metadata></record></GetRecord></OAI-PMH>